000 00299nam a22001337a 4500
008 180919b xxu||||| |||| 00| 0 eng d
020 _a9780465097197
041 _aeng
080 _a316
100 _a50
101 _aSOC
245 _aThe Interpretation of Cultures
_cGeertz, C
942 _2udc
_cBK
999 _c48062
_d48062